000 01078cam a2200337 a 4500
001 000012031
003 UkOxU
005 20200929162650.0
008 990308s1997 sp b 000 0dspa d
020 _a8460565491
035 _a(NjP)notisCHE5302
035 _a(CStRLIN)NJPG98-B60449
035 _a(CStRLIN)NJPG98-B60449
040 _aDO-SdBNP
_cNjP
042 _apcc
043 _ae-sp---
050 4 _aDP164
_b.G372 1997
082 _annn
_bG215e
100 1 _aGarcía Valdecasas, Guillermo.
_928450
245 1 3 _aEl Encubierto /
_cGuillermo García Valdecasas.
260 _aValencia :
_bG. G. Valdecasas,
_c1997.
300 _a38 p. ;
_c22 cm.
504 _aIncluye referencias bibliográficas.
600 1 0 _aEnríquez de Ribera, Enrique.
_928451
651 0 _aSpain
_xHistory
_yFerdinand and Isabella, 1479-1516
_928452
651 0 _aValencia (Spain{Rpara}
_xHistory.
_928453
651 0 _aValencia (Spain{Rpara}
_xSocial Conditions.
_928454
651 0 _aSpain
_xKings And Rulers
_xSuccession.
_928455
910 _aCatalogación derivada LC/
049 _aBNGR
999 _c11699
_d11699